000 00684nam a2200277Ia 4500
005 20260121125410.0
008 008 260114s9999 xx 000 0 eng d
020 _a9781501756818
037 _aEBOOK
040 _aCRL
040 _beng
040 _cCRL
041 _2eng
041 _aeng
084 _qCRL
100 _aBarskova, Polina
_9992284
245 0 _aBesieged Leningrad: Aesthetic Responses to Urban Disaster
260 _bWalter de Gruyter
260 _bWalter de Gruyter
260 _c2017
650 _aHistory
_9992285
856 _uhttp://www.degruyter.com/isbn/9781501756818
942 _cEBOOK
999 _c1561718
_d1561718